B05 バス停名クイズ - 都営バス ver. - Statistics

General Stats
  • This quiz has been taken 66 times
  • The average score is 104 of 1679
Answer Stats
Answer % Correct
錦糸町駅前
60%
新橋
58%
池袋駅東口
53%
新橋駅前
53%
新宿駅西口
50%
高田馬場駅前
48%
東京駅八重洲口
48%
早稲田
48%
王子駅前
45%
亀戸駅前
45%
目白駅前
45%
大塚駅前
43%
大手町
43%
葛西駅前
43%
新木場駅前
43%
西葛西駅前
43%
秋葉原駅前
40%
日暮里駅前
40%
日本橋
40%
門前仲町
40%
両国駅前
40%
飯田橋
38%
神田駅前
38%
渋谷駅前
38%
巣鴨駅前
38%
目黒駅前
38%
有楽町駅前
38%
上野駅前
35%
上野公園
35%
大島駅前
35%
御徒町駅前
35%
北千住駅前
35%
田端駅前
35%
築地
35%
東陽町駅前
35%
豊洲駅前
35%
練馬駅
35%
東大島駅前
35%
赤羽駅東口
33%
浅草橋
33%
市ヶ谷駅前
33%
上野松坂屋前
33%
恵比寿駅前
33%
五反田駅
33%
渋谷駅東口
33%
新宿駅東口
33%
東京ビッグサイト
33%
西日暮里駅前
33%
船堀駅前
33%
四谷駅
33%
浅草雷門
30%
押上
30%
勝どき駅前
30%
九段下
30%
蔵前駅前
30%
新小岩駅前
30%
東京駅丸の内南口
30%
西大島駅前
30%
四谷駅前
30%
小滝橋
28%
御茶ノ水駅前
28%
葛西臨海公園駅前
28%
春日駅前
28%
小岩駅前
28%
渋谷駅西口
28%
水道橋駅前
28%
田町駅前
28%
東京テレポート駅前
28%
原宿駅前
28%
平井駅前
28%
南砂町駅前
28%
阿佐ヶ谷駅前
25%
荒川土手
25%
飯田橋駅前
25%
江戸川区役所前
25%
青梅駅前
25%
小滝橋車庫前
25%
茅場町
25%
品川駅港南口
25%
新宿三丁目
25%
神保町
25%
住吉駅前
25%
早大正門
25%
東京駅丸の内北口
25%
東武浅草駅前
25%
豊洲市場
25%
中野坂上
25%
練馬車庫前
25%
森下駅前
25%
臨海車庫
25%
青山一丁目駅前
23%
浅草寿町
23%
浅草橋駅前
23%
足立区役所
23%
上野広小路
23%
越中島
23%
青梅車庫
23%
後楽園
23%
品川駅高輪口
23%
千駄ヶ谷駅前
23%
辰巳駅前
23%
月島駅前
23%
とうきょうスカイツリー駅前
23%
東京タワー
23%
東京タワー(公園下)
23%
東大構内
23%
豊海水産埠頭
23%
虎ノ門
23%
西新井駅前
23%
花小金井駅北口
23%
浜松町駅前
23%
深川車庫前
23%
六本木駅前
23%
六本木ヒルズ
23%
麻布十番駅前
20%
飛鳥山
20%
一之江駅前
20%
江戸川橋
20%
葛西橋
20%
菊川駅前
20%
北区神谷町
20%
木場駅前
20%
銀座四丁目
20%
篠崎駅前
20%
新大久保駅前
20%
新宿二丁目
20%
新田
20%
千住車庫前
20%
天王洲アイル
20%
西早稲田
20%
晴海埠頭
20%
東新宿駅前
20%
一ツ橋
20%
日比谷
20%
広尾駅前(広尾橋)
20%
南千住駅西口
20%
三ノ輪駅前
20%
四谷三丁目
20%
青海駅前
18%
曙橋
18%
足立区役所前
18%
牛込柳町駅前
18%
大久保駅前
18%
表参道
18%
金町駅前
18%
歌舞伎町
18%
亀戸駅通り
18%
北車庫前
18%
高円寺陸橋
18%
江北駅前
18%
信濃町駅前
18%
新御徒町駅前
18%
新宿四丁目
18%
新代田駅前
18%
杉並区役所前
18%
築地駅前
18%
築地三丁目
18%
東京ドームシティ
18%
とげぬき地蔵前
18%
豊島五丁目団地
18%
豊島三丁目
18%
豊玉中
18%
新宿一丁目
18%
西麻布
18%
西新井大師前
18%
西巣鴨
18%
半蔵門
18%
東青梅
18%
東神田
18%
東高円寺駅前
18%
南千住駅東口
18%
南千住車庫前
18%
三宅坂
18%
赤羽橋駅前
15%
浅草雷門南
15%
足立梅田町
15%
15%
鶯谷駅前
15%
大井競馬場前
15%
押上駅前
15%
お台場海浜公園駅前
15%
神谷町駅前
15%
亀戸九丁目
15%
亀戸七丁目
15%
清澄白河駅前
15%
江東車庫前
15%
国際展示場駅前
15%
国会議事堂前
15%
潮見駅前
15%
品川シーサイド駅前
15%
白金台駅前
15%
新大塚
15%
新高円寺
15%
新宿伊勢丹前
15%
新宿一丁目
15%
新宿五丁目
15%
新豊洲駅前
15%
数寄屋橋
15%
杉並車庫前
15%
千石一丁目
15%
滝野川三丁目
15%
滝野川二丁目
15%
溜池
15%
大門駅前
15%
千登世橋
15%
中央防波堤
15%
テレコムセンター駅前
15%
天現寺橋
15%
東大赤門前
15%
東大正門前
15%
東大病院前
15%
豊島二丁目
15%
豊島四丁目
15%
永田町
15%
日本科学未来館
15%
晴海三丁目
15%
東池袋一丁目
15%
フジテレビ前
15%
本郷三丁目駅前
15%
本所吾妻橋
15%
本所二丁目
15%
町屋駅前
15%
見沼代親水公園駅前
15%
三ノ輪橋
15%
六本木一丁目駅前
15%
青戸車庫前
13%
足立清掃工場前
13%
荒川区役所前
13%
荒川土手操車所前
13%
有明二丁目
13%
今井
13%
岩本町駅前
13%
宇喜田
13%
江古田二丁目
13%
王子五丁目
13%
王子三丁目
13%
王子二丁目
13%
大田市場
13%
尾久駅前
13%
加賀
13%
上成木
13%
亀戸一丁目
13%
亀戸六丁目
13%
熊野前
13%
警視庁前
13%
京葉交差点
13%
駒込駅南口
13%
鹿浜橋
13%
市場前駅前
13%
品川車庫前
13%
東雲駅前
13%
渋谷三丁目
13%
白金高輪駅前
13%
新宿車庫前
13%
新中野駅前
13%
水神
13%
水天宮前
13%
千石三丁目
13%
千石二丁目
13%
高輪台駅前
13%
竹の塚駅前
13%
代田橋
13%
台場駅前
13%
築地二丁目
13%
東京国際フォーラム前
13%
東京女子医大前
13%
東大農学部前
13%
東陽一丁目
13%
東陽三丁目
13%
豊玉北
13%
中板橋駅入口
13%
日清食品前
13%
日赤医療センター前
13%
根津駅前
13%
野方駅北口
13%
野方駅南口
13%
ハートアイランド西
13%
ハートアイランド東
13%
馬喰町
13%
東池袋三丁目
13%
東池袋二丁目
13%
東池袋四丁目
13%
東三丁目
13%
本所一丁目
13%
三河島駅前
13%
茗荷谷駅前
13%
大和町
13%
夢の島
13%
Hareza池袋
13%
足立小台駅前
10%
荒川五丁目
10%
荒川三丁目
10%
荒川四丁目
10%
有明一丁目
10%
有明ガーデン
10%
上野公園山下
10%
牛込神楽坂駅前
10%
内幸町
10%
梅島駅前
10%
枝川
10%
王子四丁目
10%
青梅車庫前
10%
大井町駅東口
10%
大田市場北
10%
落合南長崎駅前
10%
御成門
10%
霞が関
10%
勝どき橋南詰
10%
亀戸四丁目
10%
甘泉園公園前
10%
北参道
10%
清澄庭園前
10%
魚籃坂下
10%
九段上
10%
高円寺駅入口
10%
小島
10%
小平駅前
10%
言問橋
10%
駒形橋
10%
小茂根
10%
桜台駅前
10%
笹塚駅前
10%
品川埠頭
10%
東雲都橋
10%
渋谷二丁目
10%
昭和大学江東豊洲病院前
10%
白河
10%
新江古田駅前
10%
新田一丁目
10%
新田二丁目
10%
新橋駅北口
10%
神保町二丁目
10%
水神森
10%
巣鴨駅南口
10%
千住大橋
10%
早大理工前
10%
高田馬場二丁目
10%
田町駅東口
10%
築地五丁目
10%
哲学堂
10%
とうきょうスカイツリー駅入口
10%
豊島六丁目
10%
豊玉中二丁目
10%
動坂下
10%
中野北郵便局前
10%
なぎさニュータウン
10%
西葛西三丁目
10%
日曹橋
10%
箱根ヶ崎
10%
羽沢
10%
幡ヶ谷駅前
10%
晴海一丁目
10%
東青梅駅前
10%
東二丁目
10%
東日本橋駅前
10%
東大和市駅前
10%
堀ノ内
10%
本郷二丁目
10%
万世橋
10%
10%
宮城二丁目
10%
武蔵大学前
10%
武蔵野病院前
10%
目白台三丁目
10%
山吹町
10%
湯島三丁目
10%
四谷二丁目
10%
臨海車庫前
10%
六本木けやき坂
10%
若洲キャンプ場前
10%
青山いきいきプラザ入口
8%
赤坂アークヒルズ
8%
赤坂アークヒルズ前
8%
赤羽二丁目
8%
浅草一丁目
8%
浅草公園六区
8%
浅草二丁目
8%
荒川一丁目
8%
有明テニスの森
8%
池之端一丁目
8%
池袋サンシャインシティ
8%
石原三丁目
8%
石原二丁目
8%
市谷田町
8%
市谷仲之町交差点
8%
稲荷台
8%
今戸
8%
岩淵町
8%
上野桜木
8%
裏宿町
8%
江古田一丁目
8%
江古田三丁目
8%
恵比寿橋
8%
青梅街道駅前
8%
大関横丁
8%
大塚三丁目
8%
大塚二丁目
8%
大曲
8%
奥浅草
8%
小台
8%
加賀一丁目
8%
加賀団地
8%
葛西橋東詰
8%
春日一丁目
8%
合羽坂下
8%
河辺駅北口
8%
上池袋一丁目
8%
上池袋三丁目
8%
上の根橋
8%
上富士前
8%
亀戸天神前
8%
環七新田
8%
学習院女子大学前
8%
鬼子母神前
8%
北里研究所前
8%
北砂一丁目
8%
木場三丁目
8%
錦糸堀
8%
栗原町
8%
グランド坂下
8%
麹町二丁目
8%
麹町四丁目
8%
江東運転免許試験場前
8%
江東区役所前
8%
港南一丁目
8%
江北四丁目
8%
寿三丁目
8%
護国寺正門前
8%
五ノ橋
8%
呉服橋
8%
境川
8%
三角
8%
下谷警察署前
8%
渋谷区役所前
8%
新川
8%
新木場一丁目
8%
新小岩駅北口
8%
新庚申塚
8%
新小平駅前
8%
新宿一丁目北
8%
新田三丁目
8%
新東京郵便局前
8%
新富町
8%
十条仲原二丁目
8%
神南一丁目
8%
須田町
8%
西武百貨店前
8%
セシオン杉並前
8%
千田
8%
千駄木三丁目
8%
太平一丁目
8%
高橋
8%
東京地下鉄総合運動場前
8%
東京ビッグサイト駅前
8%
東京ビッグサイト東棟前
8%
東陽操車所前
8%
都営飯田橋駅前
8%
通り三丁目
8%
豊島八丁目
8%
豊洲一丁目
8%
虎ノ門五丁目
8%
虎ノ門三丁目
8%
道灌山下
8%
内藤町大京町
8%
中居堀
8%
中川新橋
8%
中十条四丁目
8%
鍋屋横丁
8%
泪橋
8%
成子坂下
8%
西新井駅入口
8%
西新井陸橋
8%
日本科学未来館前
8%
二ノ橋
8%
日本女子大
8%
日本橋三越
8%
白山二丁目
8%
花園町
8%
晴海トリトンスクエア前
8%
春海橋
8%
ハートアイランド北
8%
ハートアイランド南
8%
馬場下町
8%
東四丁目
8%
船堀一丁目
8%
船堀小学校前
8%
船堀中組
8%
ホテル椿山荘東京前
8%
本駒込三丁目
8%
本郷追分
8%
墓地下
8%
松江
8%
緑一丁目
8%
緑三丁目
8%
南池袋三丁目
8%
南砂三丁目
8%
南砂町駅入口
8%
南常盤台
8%
向原
8%
室町三丁目
8%
目白警察署前
8%
目白五丁目
8%
谷中
8%
柳島
8%
湯島四丁目
8%
横川三丁目
8%
四ツ木橋
8%
四谷一丁目
8%
四谷四丁目
8%
竜泉
8%
りんかい線天王洲アイル駅前
8%
4号バース前
8%
EXシアター六本木前
8%
IHI前
8%
愛育クリニック前
5%
青物横丁
5%
青山学院中等部前
5%
明石町
5%
浅草五丁目
5%
麻布台ヒルズ
5%
荒木町
5%
有明コロシアム前
5%
飯田橋一丁目
5%
池之端二丁目
5%
石切橋
5%
石原一丁目
5%
市ヶ谷富久町
5%
一之江橋西詰
5%
牛込保健センター前
5%
宇田川町
5%
姥ヶ橋
5%
永代二丁目
5%
永代橋
5%
江古田二又
5%
枝川三丁目
5%
枝川二丁目
5%
江戸川車庫前
5%
恵比寿一丁目
5%
恵比寿三丁目
5%
恵比寿二丁目
5%
エル・ソフィア前
5%
扇大橋駅前
5%
王子第三小学校前
5%
大井埠頭バンプール前
5%
大下
5%
大島一丁目
5%
大島三丁目
5%
大島七丁目
5%
大島八丁目
5%
大塚四丁目
5%
大橋
5%
小川町一丁目
5%
小川町二丁目
5%
小台土手上
5%
小台町
5%
葛西駅通り
5%
梶原
5%
春日二丁目
5%
勝島
5%
金杉橋
5%
兜町
5%
河辺駅入口
5%
河辺駅南口
5%
上池袋四丁目
5%
神谷一丁目
5%
亀高橋
5%
河田町
5%
神田錦町
5%
神田明神前
5%
学習院下
5%
喜久井町
5%
菊坂下
5%
菊屋橋
5%
5%
北品川
5%
北砂三丁目
5%
北砂二丁目
5%
北砂四丁目
5%
吉祥寺前
5%
木場一丁目
5%
木場公園
5%
木場二丁目
5%
木場四丁目
5%
木場六丁目ギャザリア前
5%
旧葛西橋
5%
錦糸公園前
5%
玉堂美術館
5%
銀座六丁目
5%
窪町小学校
5%
蔵前一丁目
5%
蔵前二丁目
5%
経済産業省前
5%
京成中組
5%
小石川三丁目
5%
小石川二丁目
5%
小石川四丁目
5%
小岩駅入口
5%
高円寺体育館前
5%
高円寺南一丁目
5%
庚申塚
5%
江東高齢者医療センター
5%
江東橋
5%
江南中学校前
5%
江北一丁目
5%
国学院大学前
5%
小竹町二丁目
5%
小伝馬町
5%
小日向四丁目
5%
駒込病院前
5%
駒込富士前
5%
小松川三丁目
5%
コーシャハイム南葛西
5%
御殿山
5%
坂下
5%
猿江一丁目
5%
三ノ橋
5%
塩浜一丁目
5%
鹿浜三丁目
5%
七軒町
5%
信濃町駅南口
5%
東雲橋交差点
5%
四ノ橋
5%
芝園橋
5%
志茂一丁目
5%
下落合三丁目
5%
下落合四丁目
5%
志茂二丁目
5%
昭和病院前
5%
白鬚橋東
5%
新大橋
5%
新川一丁目
5%
新木場三丁目
5%
新木場二丁目
5%
新宿追分
5%
新宿コズミックセンター前
5%
新砂一丁目
5%
新砂二丁目
5%
新田住宅
5%
新田橋
5%
新田東
5%
新豊橋南
5%
新豊橋
5%
新渡し
5%
十間橋
5%
順天堂病院前
5%
神宮前一丁目
5%
水産仲卸棟
5%
巣鴨四丁目
5%
スポーツセンター前
5%
墨田区役所前
5%
住吉一丁目
5%
駿河台下
5%
関口一丁目
5%
浅間神社
5%
千住桜木
5%
千住二丁目
5%
千束
5%
仙台坂
5%
仙台坂上
5%
仙台坂下
5%
千駄ヶ谷小学校前
5%
千駄木一丁目
5%
千駄木五丁目
5%
千駄木二丁目
5%
太平二丁目
5%
太平四丁目
5%
立花一丁目
5%
竜岡門
5%
田端新町
5%
団子坂下
5%
月島三丁目
5%
築地七丁目
5%
築地六丁目
5%
椿二丁目
5%
鶴巻町
5%
伝通院前
5%
東京医大病院前
5%
東京国際クルーズターミナル駅前
5%
東京出入国在留管理局前
5%
東洋大学前
5%
都営両国駅前
5%
豊島七丁目
5%
豊島橋
5%
舎人公園前
5%
富坂上
5%
戸山町
5%
豊洲二丁目
5%
豊玉北四丁目
5%
豊玉中一丁目
5%
中葛西七丁目
5%
仲町
5%
中野天神前
5%
長島町交差点
5%
西落合一丁目
5%
西日暮里一丁目
5%
西日暮里五丁目
5%
西日暮里二丁目
5%
西馬橋
5%
ニチレイ前
5%
日赤医療センター下
5%
日本女子大前
5%
日本女子大前(豊明小学校前)
5%
日本堤
5%
白山上
5%
白山五丁目
5%
白山三丁目
5%
箱根ヶ崎駅前
5%
橋場二丁目
5%
花川戸
5%
浜離宮前
5%
晴海トリトンスクエア中央
5%
梅郷
5%
番町
5%
東浅草
5%
東上野一丁目
5%
東青梅駅北口
5%
東大島駅入口
5%
東葛西九丁目
5%
東小松川一丁目
5%
東五軒町
5%
東十条四丁目
5%
東砂二丁目
5%
東砂四丁目
5%
東砂六丁目
5%
東向島広小路
5%
東向島六丁目
5%
百花園前
5%
深川八中南
5%
福神橋
5%
富士見町都営住宅前
5%
船堀スポーツ公園前
5%
宝仙寺前
5%
方南八幡通り
5%
保木間
5%
堀江団地
5%
堀割
5%
本駒込二丁目
5%
本駒込四丁目
5%
本駒込六丁目
5%
本郷六丁目
5%
本所四丁目
5%
本町三丁目
5%
本町六丁目
5%
防衛省前
5%
棒茅場
5%
真砂坂上
5%
松原
5%
まないた橋
5%
三筋二丁目
5%
御嶽駅前
5%
三ツ木
5%
緑二丁目
5%
南池袋一丁目
5%
南砂四丁目
5%
南長崎三丁目
5%
南長崎二丁目
5%
宮城土手上
5%
みやぎ水再生センター前
5%
宮下公園
5%
向丘一丁目
5%
向丘二丁目
5%
武蔵村山市役所前
5%
六ツ又陸橋
5%
薬王寺町
5%
八潮パークタウン
5%
吉野
5%
リバーピア吾妻橋前
5%
臨海町二丁目団地前
5%
六軒町
5%
若松町
5%
2号バース前
5%
3号バース前
5%
5号バース前
5%
6号バース前
5%
青海二丁目
3%
青山学院初等部前
3%
青山学院前
3%
青山斎場
3%
青山陸橋下
3%
赤土小学校前
3%
阿佐ヶ谷南一丁目
3%
浅草七丁目
3%
浅草四丁目
3%
浅草六丁目
3%
足立第五中学校前
3%
吾妻橋一丁目
3%
阿弥陀橋
3%
有明小中学校前
3%
飯倉片町
3%
雷不動前
3%
石畑
3%
石原四丁目
3%
一之江高速入口
3%
稲荷神社前
3%
芋窪
3%
入谷鬼子母神
3%
岩井堂
3%
岩本町一丁目
3%
牛込北町
3%
牛込弁天町
3%
内神田一丁目
3%
梅里中央公園入口
3%
梅島三丁目
3%
梅島二丁目
3%
梅田七丁目
3%
枝川一丁目
3%
江戸川文化センター前
3%
榎町特別出張所前
3%
江原町一丁目
3%
江原町中野通り
3%
恵比寿四丁目
3%
扇橋三丁目
3%
扇橋二丁目
3%
大久保通り
3%
大島五丁目
3%
大島二丁目
3%
小川一番
3%
小川三差路
3%
小川町一丁目アパート前
3%
奥多摩橋
3%
押上一丁目
3%
押上二丁目
3%
小台橋
3%
小台東
3%
音羽一丁目
3%
音羽二丁目
3%
御成門小学校前
3%
海岸一丁目
3%
海岸三丁目
3%
海岸二丁目
3%
かえつ学園西
3%
葛西区民館前
3%
葛西中学校前
3%
葛西トラックターミナル
3%
葛西南高校前
3%
柏木
3%
霞ヶ丘
3%
勝どき三丁目
3%
金町二丁目
3%
釜寺
3%
上大崎
3%
上十条五丁目
3%
上田端
3%
上町
3%
雷門一丁目
3%
上沼田団地
3%
上畑
3%
神谷陸橋
3%
亀有警察署前
3%
亀有新道入口
3%
亀島橋
3%
環境局中防合同庁舎前
3%
学校通り
3%
北葛西二丁目
3%
北車庫入口
3%
北砂五丁目
3%
北砂五丁目団地
3%
北砂七丁目
3%
北保木間
3%
清川
3%
清川二丁目
3%
清砂大橋西
3%
清澄一丁目
3%
銀座西六丁目
3%
熊野宮前
3%
黒沢
3%
慶応義塾大前
3%
高円寺南四丁目
3%
麹町五丁目
3%
江東公会堂前
3%
江東高齢者医療センター入口
3%
江東図書館入口
3%
港南大橋
3%
港南四丁目
3%
江北二丁目
3%
江北陸橋下
3%
光林寺前
3%
国際展示場駅入口
3%
国立がん研究センター前
3%
小平駅入口
3%
小平合同庁舎前
3%
小平消防署前
3%
駒込千駄木町
3%
小松川警察署前
3%
小松川二丁目
3%
合同住宅前
3%
護国寺前
3%
御殿山小学校前
3%
権田原
3%
佐賀一丁目
3%
桜木土手上
3%
鮫洲運転免許試験場前
3%
皿沼一丁目
3%
皿沼二丁目
3%
猿江二丁目
3%
沢井駅入口
3%
三栄町
3%
塩崎荘前
3%
塩浜二丁目
3%
塩浜橋
3%
塩浜東
3%
潮見二丁目
3%
鹿浜三丁目交差点
3%
鹿浜菜の花中学校入口
3%
鹿本中学校前
3%
下谷二丁目
3%
品川火力発電所前
3%
東雲小学校前
3%
芝浦埠頭
3%
芝浦水再生センター前
3%
島根三丁目
3%
島根町
3%
下田端
3%
下畑
3%
小川寺前
3%
白河二丁目
3%
白鬚橋
3%
白金台一丁目
3%
白金六丁目
3%
新川二丁目
3%
新木場埠頭公園前
3%
新小岩二丁目
3%
新宿区社会福祉協議会前
3%
新宿ここ・から広場前
3%
新宿スポーツセンター入口
3%
新月島公園前
3%
新田土手通り
3%
新東海橋
3%
新道
3%
新浜川橋
3%
新三河島駅前
3%
新四ツ木橋
3%
新渡橋
3%
十間橋通り
3%
神宮前六丁目
3%
陣屋橋
3%
巣鴨小学校前
3%
菅原橋
3%
隅田公園
3%
墨田二丁目
3%
聖母病院入口
3%
聖路加病院前
3%
泉岳寺前
3%
千住一丁目
3%
千住竜田町
3%
千住中居町
3%
千駄ヶ谷五丁目
3%
袖ヶ浦
3%
外神田二丁目
3%
雑司ヶ谷霊園入口
3%
太平三丁目
3%
高田一丁目
3%
高田馬場駅通り
3%
高田馬場三丁目
3%
高田馬場四丁目
3%
高土戸
3%
高輪二丁目
3%
高浜橋
3%
橘通り
3%
辰巳一丁目
3%
辰巳団地
3%
辰巳橋
3%
立川
3%
竪川大橋北詰
3%
田町駅東口前
3%
第五中学校裏
3%
代田六丁目
3%
第七葛西小学校前
3%
台場二丁目
3%
第六葛西小学校前
3%
千歳三丁目
3%
中央卸売市場葛西市場前
3%
中央三丁目
3%
中央二丁目
3%
長円寺前
3%
貯水池下
3%
月島第一小学校前
3%
角筈二丁目
3%
鉄砲洲
3%
天神町
3%
天王洲橋
3%
東京オペラシティ南
3%
東京女子医大足立医療センター
3%
東京女子医大足立医療センター前
3%
東京都現代美術館前
3%
東京ヘリポート前
3%
東陽五丁目
3%
東陽橋南
3%
東陽六丁目
3%
豊島七丁目南
3%
都庁第一本庁舎
3%
都庁第二本庁舎
3%
殿ヶ谷
3%
富岡一丁目
3%
富ヶ谷
3%
豊洲四丁目
3%
都立産業技術高専荒川キャンパス前
3%
都立三商前
3%
都立新宿山吹高校前
3%
中入谷
3%
中葛西五丁目
3%
中川大橋
3%
中宿
3%
仲町東組
3%
中の橋
3%
中ノ橋
3%
中の橋通り
3%
なかまちテラス
3%
長岡
3%
並木橋
3%
奈良橋
3%
業平四丁目
3%
南街通り
3%
納戸町
3%
新島橋
3%
西浅草三丁目
3%
西尾久二丁目
3%
西葛西駅南
3%
西葛西六丁目
3%
西神田一丁目
3%
西日暮里六丁目
3%
二枚橋
3%
抜弁天
3%
練馬総合病院入口
3%
野方二丁目
3%
萩の尾薬師堂前
3%
八枝橋
3%
初台坂下
3%
花小金井六丁目
3%
浜園橋
3%
浜町中の橋
3%
晴海区民館前
3%
晴海五丁目ターミナル
3%
晴海ふ頭公園北
3%
晴海ふ頭公園南
3%
はるみらい前
3%
ハートアイランド入口
3%
氷川神社前
3%
東浅草一丁目
3%
東尾久五丁目
3%
東葛西三丁目
3%
東葛西七丁目
3%
東葛西六丁目
3%
東駒形一丁目
3%
東小松川車庫前
3%
東小松川小学校前
3%
東小松川二丁目
3%
東五反田一丁目
3%
東新小岩四丁目
3%
東砂一丁目
3%
東砂五丁目
3%
東砂三丁目
3%
東砂六丁目北
3%
東長崎駅通り
3%
東日暮里三丁目
3%
東日暮里四丁目
3%
東向島一丁目
3%
東山町
3%
一口坂
3%
平井駅南口
3%
平井操車所
3%
平野一丁目
3%
広尾高校前
3%
深川五中前
3%
深川車庫入口
3%
深川第八中学校前
3%
吹上
3%
福島橋
3%
不動尊前
3%
船堀三丁目
3%
船堀七丁目
3%
古川橋
3%
文花三丁目
3%
文花二丁目
3%
文京グリーンコート前
3%
保木間一丁目
3%
ホテルマリナーズコート東京前
3%
堀江団地入口
3%
堀ノ内二丁目
3%
堀船
3%
本駒込五丁目
3%
松江第一中学校前
3%
魔法の文学館入口
3%
瑞穂町役場入口
3%
三田五丁目
3%
御楯橋
3%
三ツ木薬師前
3%
南青山五丁目
3%
南青山七丁目
3%
南青山二丁目
3%
南青山六丁目
3%
南葛西小学校前
3%
南砂一丁目
3%
南砂二丁目
3%
南砂六丁目
3%
南千住六丁目
3%
南高橋
3%
南長崎五丁目
3%
南長崎六丁目
3%
南馬場
3%
三ノ輪二丁目
3%
宮城小学校前
3%
宮城都営住宅前
3%
都橋住宅前
3%
武蔵野大学前
3%
明治通り
3%
明晴学園前
3%
藻塩橋
3%
元浅草三丁目
3%
元麻布二丁目
3%
元八幡
3%
紅葉川高校前
3%
門前仲町二丁目
3%
谷在家一丁目
3%
谷在家二丁目
3%
八潮東
3%
八千代橋
3%
八ツ山橋
3%
柳川
3%
八広
3%
八広三丁目
3%
八広二丁目
3%
八広四丁目
3%
山城橋
3%
大和操車所前
3%
山伏町
3%
弥生二丁目
3%
柚木
3%
湯立坂下
3%
横川橋
3%
横田
3%
吉野梅林
3%
吉原大門
3%
余丁町
3%
リバーサイドスポーツセンター前
3%
両国駅入口
3%
臨海町一丁目
3%
臨海町五丁目
3%
臨海町三丁目
3%
六月町
3%
六万公園前
3%
六本木五丁目
3%
六本木四丁目
3%
若潮橋
3%
若洲中央
3%
和田堀橋
3%
放射11号舎人
3%
赤仁田
0%
赤羽橋交差点
0%
赤不動
0%
浅草警察署前
0%
浅草病院前
0%
足立流通センター
0%
足立流通センター南
0%
荒川区立第三中学校前
0%
荒田
0%
有明クリーンセンター前
0%
軍畑駅入口
0%
石島
0%
和泉一丁目
0%
一之江五丁目
0%
一之江七丁目
0%
一之江二丁目
0%
一之江四丁目
0%
銀杏並木通り
0%
一本松
0%
今井児童交通公園前
0%
今戸一丁目
0%
今戸二丁目
0%
入谷一丁目
0%
入谷二丁目
0%
岩蔵温泉
0%
宇喜田公園前
0%
宇喜田小学校
0%
宇喜田第一住宅
0%
鵜の瀬橋入口
0%
梅ヶ平
0%
梅島第二小学校通り
0%
梅田小学校前
0%
梅田町神明通り
0%
梅若橋コミュニティ会館前
0%
浦安橋
0%
江戸川区口腔保健センター入口
0%
江戸川高校前
0%
江戸川五丁目
0%
江戸川臨海郵便局前
0%
蜆沢
0%
扇三丁目
0%
扇二丁目
0%
扇橋一丁目
0%
王子消防署前
0%
青梅警察署前
0%
青梅市役所前
0%
青梅消防署前
0%
青梅総合高校入口
0%
青梅総合高校前
0%
青梅第一中学校前
0%
青梅第七小学校前
0%
青梅第七中学校前
0%
青梅第四小学校前
0%
青梅第六中学校前
0%
大井シャシープール前
0%
大井消防署八潮出張所前
0%
大井水産物埠頭入口
0%
大井水産物埠頭前
0%
大久保二丁目
0%
大指
0%
大杉三丁目
0%
大杉小学校前
0%
大杉第二小学校前
0%
大杉東小学校前
0%
大杉四丁目
0%
大田市場北門西
0%
大田市場北門東
0%
大原町
0%
大柳
0%
尾久橋
0%
尾久本町通り
0%
押上三丁目
0%
押部
0%
小曽木診療所前
0%
尾竹橋
0%
小台二丁目
0%
小名木川小学校入口
0%
小枕
0%
海岸通り
0%
海岸通り裏
0%
加賀中学校入口
0%
蛎殻町
0%
葛西工科高校前
0%
葛西第三中学校入口
0%
葛西第二中学校前
0%
葛西水再生センター前
0%
葛西南高校入口
0%
葛西郵便局
0%
霞台第二住宅
0%
霞町新町
0%
霞橋
0%
葛飾警察署前
0%
勝島一丁目
0%
上一色
0%
上一色コミュニティセンター前
0%
上一色中学校前
0%
上郷
0%
上根岸
0%
神山
0%
亀戸中学校入口
0%
亀沢四丁目
0%
寒山寺
0%
神田富山町
0%
神田橋
0%
がん研有明病院前
0%
菊川一丁目
0%
菊川三丁目
0%
北青山一丁目アパート前
0%
北青山三丁目
0%
北小曽木
0%
北品川二丁目
0%
北砂六丁目
0%
久道
0%
旧道交差点
0%
旧安田庭園前
0%
共育プラザ一之江入口
0%
郷土博物館入口
0%
清川一丁目
0%
清川清掃車庫前
0%
清洲橋
0%
行船公園前
0%
櫛かんざし美術館前
0%
くすのきカルチャーセンター前
0%
九段三丁目
0%
区立自然動物園前
0%
黒沢神社前
0%
桑川町
0%
グランドプリンスホテル新高輪前
0%
京浜運河
0%
慶友病院前
0%
小岩駅通り
0%
小岩高校入口
0%
公園前
0%
光照寺
0%
江東倉庫会館前
0%
江東倉庫組合前
0%
江東橋一丁目
0%
江東橋五丁目
0%
港南大橋下
0%
港南大橋東詰
0%
港南五丁目
0%
港南三丁目
0%
港南小学校前
0%
港南中学校前
0%
鴻池運輸前
0%
江北一丁目アパート前
0%
江北小学校前
0%
江北六丁目団地入口
0%
江北六丁目団地前
0%
光明寺下
0%
港湾住宅前
0%
小右衛門町
0%
小ヶ井橋
0%
国立国際医療研究センター前
0%
国立代々木競技場前
0%
小平第一小学校前
0%
小平仲町
0%
駒木町
0%
駒木町三丁目
0%
小松川一丁目アパート前
0%
小松川区民館前
0%
小松川健康サポートセンター前
0%
小松川さくらホール前
0%
小松川三丁目アパート前
0%
小松川第二小学校前
0%
小松川第二保育園前
0%
小松中学校前
0%
五色橋
0%
坂久橋
0%
桜橋
0%
桜橋中学校前
0%
笹塚二丁目
0%
漣橋南詰
0%
左門町
0%
山九本社前
0%
三光坂下
0%
汐入公園前
0%
潮風公園入口
0%
潮路橋
0%
塩船観音入口
0%
潮見一丁目
0%
潮見一丁目アパート前
0%
鹿浜八丁目
0%
下谷三丁目
0%
下谷神社前
0%
品川警察署入口
0%
品川清掃工場前
0%
品川総合福祉センター前
0%
品川埠頭岸壁入口
0%
品川ふ頭橋
0%
篠崎町七丁目
0%
東雲一丁目
0%
東雲二丁目
0%
芝浦一丁目
0%
芝浦二丁目
0%
芝浦四丁目
0%
渋谷車庫前
0%
渋谷橋
0%
下今井
0%
下小岩小学校前
0%
下小松橋
0%
下郷
0%
下根岸
0%
社会福祉会館前
0%
シャシー整理場前
0%
小学校通り
0%
商船三井本社ビル前
0%
昭和橋
0%
昭和町三丁目
0%
食肉市場前
0%
白鳥一丁目
0%
白鳥四丁目
0%
白金小学校前
0%
白金台五丁目
0%
白金台二丁目
0%
城前橋
0%
新川口
0%
新川橋
0%
新木場東
0%
新木場南
0%
新小岩一丁目
0%
新小岩四丁目
0%
新国立劇場前
0%
新宿駅西口中央通り
0%
新宿消防署
0%
新宿郵便局前
0%
新砂三丁目アパート
0%
新田山公園
0%
新橋五丁目
0%
新橋六丁目
0%
シンボルプロムナード公園前
0%
新町小学校入口
0%
新町天神社前
0%
神明二丁目
0%
森林公園前
0%
実践女子学園前
0%
自由の広場前
0%
城東特別支援学校前
0%
常福寺入口
0%
神宮前二丁目
0%
水産棟前
0%
水神前
0%
菅原橋西
0%
隅田川貨物駅前
0%
墨田区曳舟文化センター前
0%
住友ツインビル前
0%
住吉神社前
0%
諏訪神社前
0%
清新町一丁目
0%
清新町健康サポートセンター前
0%
清新町二丁目
0%
清新ふたば小学校前
0%
聖明福祉協会前
0%
千住四丁目
0%
千駄ヶ谷二丁目
0%
千駄ヶ谷八幡前
0%
セントラルビル前
0%
総合医療センター前
0%
総合レクリエーション公園前
0%
宗泉寺
0%
即清寺
0%
蔵敷
0%
高輪一丁目
0%
高輪北町
0%
高輪警察署前
0%
高輪三丁目
0%
高輪消防署港南出張所入口
0%
滝成
0%
滝の上
0%
竹芝桟橋入口
0%
辰巳一丁目北
0%
辰巳三丁目
0%
辰巳中央
0%
巽橋
0%
田端新町一丁目
0%
田端新町三丁目
0%
田端新町二丁目
0%
多摩高校前
0%
多摩団地前
0%
第五大島小学校前
0%
ダイトー大井物流センター前
0%
第七砂町小学校前
0%
第二葛西小学校入口
0%
第二葛西小学校前
0%
第二公園
0%
第二辰巳小学校前
0%
大門市民センター前
0%
大門小学校前
0%
第四葛西小学校前
0%
チェリーガーデン前
0%
千ヶ瀬
0%
千ヶ瀬五丁目
0%
千ヶ瀬四丁目
0%
中央公園
0%
中央通り
0%
中央橋
0%
月島四丁目
0%
佃二丁目
0%
天神町二丁目
0%
天神橋
0%
天王洲運河
0%
天王洲公園前
0%
東亞合成本社前
0%
東急百貨店本店前
0%
東京海洋大学越中島校舎前
0%
東京海洋大学本部前
0%
東京工科専門学校前
0%
東京港湾合同庁舎前
0%
東京新宿メディカルセンター前
0%
東京税関大井出張所前
0%
東京炭坑前
0%
東京北部病院前
0%
東京臨海病院前
0%
東大医科研病院西門
0%
東部病院前
0%
東部療育センター前
0%
東陽七丁目
0%
都営戸山ハイツ前
0%
都議会議事堂
0%
豊洲一丁目公園前
0%
豊住橋
0%
都立足立高校前
0%
都立産業技術高専品川キャンパス前
0%
都立大荒川キャンパス前
0%
都立八潮高校前
0%
同潤会
0%
ドナウ通り
0%
中井橋
0%
中左近橋
0%
中里橋
0%
仲町会館入口
0%
仲町西組
0%
中藤
0%
中原
0%
中平井
0%
長渕七丁目
0%
成木一丁目自治会館前
0%
成木一丁目四ツ角
0%
成木五丁目自治会館前
0%
成木三丁目
0%
成木市民センター前
0%
成木小学校前
0%
成木二丁目自治会館前
0%
成木四丁目
0%
南街入口
0%
新堀一丁目
0%
西麻布二丁目
0%
西一之江三丁目
0%
西一之江二丁目
0%
西一之江四丁目
0%
西尾久一丁目
0%
西尾久三丁目
0%
西尾久四丁目
0%
西参道
0%
西長岡
0%
西瑞江一丁目
0%
西瑞江五丁目
0%
西分
0%
西分二丁目
0%
二天門
0%
人形町三丁目
0%
根ヶ布
0%
根津神社入口
0%
野上
0%
箱根ヶ崎三丁目
0%
橋場一丁目
0%
橋場二丁目アパート前
0%
幡ヶ谷原町
0%
幡代
0%
畑中一丁目
0%
畑中公会堂前
0%
畑中三丁目
0%
畑中下西
0%
畑中神社前
0%
八幡下
0%
八幡神社前
0%
八丁堀二丁目
0%
初台坂上
0%
はなみずき通り中央
0%
浜路橋
0%
浜町二丁目
0%
原宿外苑中学校前
0%
原中学校入口
0%
原山
0%
春江団地前
0%
春江町五丁目
0%
春江町四丁目
0%
東麻布一丁目
0%
東上野六丁目
0%
東青梅五丁目
0%
東青梅三丁目
0%
東青梅四丁目
0%
東尾久六丁目
0%
東葛西八丁目
0%
東駒形三丁目
0%
東五反田三丁目
0%
東品川一丁目
0%
東品川五丁目
0%
東品川三丁目
0%
東品川橋
0%
東品川ゆうゆうプラザ前
0%
東新小岩一丁目
0%
東新小岩三丁目
0%
東新宿保健センター前
0%
東砂団地
0%
東墨田一丁目
0%
東墨田会館前
0%
東墨田三丁目
0%
東墨田二丁目
0%
東千石橋
0%
東田端一丁目
0%
東長岡
0%
東日暮里五丁目
0%
東向島五丁目
0%
東大和市役所入口
0%
東大和病院前
0%
久松町
0%
日の出桟橋入口
0%
平井五丁目
0%
平井小学校前
0%
平井都営アパート前
0%
平井七丁目
0%
平井七丁目北公園前
0%
平井七丁目第三アパート前
0%
平井西袋
0%
平井二丁目
0%
平井四丁目
0%
平井六丁目
0%
平河町二丁目
0%
平野町
0%
平松
0%
広尾一丁目
0%
広尾五丁目
0%
広尾病院前
0%
フェリー埠頭入口
0%
深川暁橋南
0%
深川一丁目
0%
深川二丁目
0%
吹上しょうぶ公園入口
0%
吹上中学校入口
0%
福島橋南詰
0%
富士公園前
0%
埠頭公園入口
0%
埠頭通り
0%
冬木
0%
古川親水公園
0%
文化服装学院前
0%
放水路土手下
0%
放送センター西口
0%
法蓮寺
0%
保木間仲通り
0%
堀留町
0%
本一色
0%
町屋一丁目
0%
町屋三丁目
0%
松江コミュニティ会館前
0%
松江第四中学校前
0%
松江四中通り
0%
松江六丁目
0%
松島三丁目
0%
松本児童遊園前
0%
松本弁天
0%
丸全昭和前
0%
万年橋
0%
瑞江中学校前
0%
瑞穂第一小学校前
0%
三ツ橋
0%
みなとが丘ふ頭公園前
0%
湊三丁目
0%
南大塚一丁目
0%
南葛西会館前
0%
南葛西住宅前
0%
南葛西第三小学校前
0%
南葛西中学校前
0%
南葛西四丁目
0%
南品川五丁目
0%
南品川二丁目
0%
南砂五丁目団地
0%
南砂三丁目みどり団地前
0%
南砂四丁目住宅
0%
南千石橋
0%
南千石橋北詰
0%
南千住三丁目
0%
南千住汐入
0%
南千住清掃車車庫前
0%
南千住八丁目
0%
南千住四丁目
0%
南初台
0%
妙光院
0%
向島五丁目
0%
向島三丁目
0%
向島消防署前
0%
向島二丁目
0%
明治学院前
0%
明治公園前
0%
明治橋
0%
毛利二丁目
0%
森下五丁目
0%
師岡町三丁目
0%
八潮北
0%
八潮公園前
0%
八潮二丁目
0%
八潮南
0%
八広六丁目
0%
弥生町
0%
柚木町三丁目
0%
湯島一丁目
0%
よつぎ小学校前
0%
四ツ木橋南詰
0%
四谷第六小学校入口
0%
代々木八幡駅入口
0%
楽水橋(品川車庫入口)
0%
両国四丁目
0%
臨海第一保育園前
0%
臨海町四丁目
0%
鈴法寺跡
0%
若洲ゴルフリンクス前
0%
和田町会館前
0%
キャナルコート2街区前
0%
リバーシティ21
0%
キャナルコート3街区前
0%
キャナルコート4街区前
0%
JA小曽木支店前
0%
JA西東京前
0%
NTT江戸川支店前
0%
No matching quizzes found
Score Distribution
Percent of People with Each Score
Percentile by Number Answered
Your Score History
You have not taken this quiz